Proyecto ene [monografia] /

Guardado en:
Autor Principal: Universidad Naciónal Del Sur Escuela Normal Superior
Formato: Libro
Publicado: Bah¡a Blanca : Cems, 1991
Materias:
Fc
Etiquetas: Agregar Etiqueta
Sin Etiquetas, Sea el primero en etiquetar este registro!
LEADER 00538nam a22001935a 4500
001 CEM.cems007849
005 20060214000000.0
008 130507s1991##################000#0#####d
003 CEMS
082 0 4 |a DEPOSITO 
100 1 |a Universidad Naciónal Del Sur Escuela Normal Superior 
245 1 0 |a Proyecto ene [monografia] / 
260 |a Bah¡a Blanca :  |b Cems,  |c 1991 
300 |a 51 p. 
653 |a Fc 
653 |a Proyecto ene 
653 |a Educacion 
653 |a Deposito 
859 |a CEMS  |b BIB. CEMS - 11 de abril  |h DEPOSITO  |i F370/16-5  |p 314.44  |t Ej.1